Statystyki dla Państwa Ameryki południowej

Kliknij tutaj aby rozwiązać quiz!

Ogólne statystyki

  • Ten quiz został rozwiązany 8 razy
  • Średni wynik to 10 z 13

Odpowiedzi na mapie

Odpowiedzi skodowane kolorowo w zielono-czerwonej skali na mapie do tego quizu, zgodnie z poniższymi procentami.
 

Statystyki odpowiedzi

Odpowiedź% Poprawnych
Brazylia
100%
Argentyna
88%
Chile
88%
Wenezuela
88%
Boliwia
75%
Ekwador
75%
Gujana
75%
Kolumbia
75%
Paragwaj
75%
Peru
75%
Surinam
75%
Trynidad i Tobago
75%
Urugwaj
75%

Rozkład punktacji

Percentyl według liczby udzielonych odpowiedzi

Procent ludzi z każdym wynikiem

Twoja historia wyników

Nie rozwiązałeś tego quizu